000 00536nam a2200217Ia 4500
003 OSt
005 20230323113303.0
008 210210b1984 xxu||||| |||| 00| 0 eng d
020 _a0 85226 260 4
040 _cAL
041 _aEnglish
082 _a519.2 FELI
100 _aFELLER (William).
_976883
245 _aIntroduction to probability theory and its applications.
260 _aND
_c1984
300 _axviii,626
440 _a2
_976884
690 _aMathematical Statistics
_976885
906 _a038944
942 _2ddc
_cBK
999 _c88822
_d88822